| 000 | 00595cam a22002292a 4500 | ||
|---|---|---|---|
| 001 | 004248 | ||
| 003 | AR-FADEU | ||
| 008 | 311216n1994####xxu####################dd | ||
| 020 | _a950-507-389-5 | ||
| 092 |
_aA860.42 _bF992 |
||
| 100 | _aFurt, Jorge M. | ||
| 245 | _aAntología | ||
| 260 | _aBuenos Aires | ||
| 260 | _bSecretaría de Cultura de la Nación | ||
| 260 | _bBonum | ||
| 260 | _c1994 | ||
| 300 | _a190 p | ||
| 440 |
_aIdentidad Nacional _n49 |
||
| 500 | _aPrólogo de Etelvina Furt | ||
| 650 | _aLITERATURA ARGENTINA-CUENTO; LITERATURA ARGENTINA-POESIA | ||
| 942 | _cBDGR | ||
| 999 |
_c10074 _d10074 |
||